<?xml version="1.0" encoding="UTF-8"?>
<record
    xmlns:xsi="http://www.w3.org/2001/XMLSchema-instance"
    xsi:schemaLocation="http://www.loc.gov/MARC21/slim http://www.loc.gov/standards/marcxml/schema/MARC21slim.xsd"
    xmlns="http://www.loc.gov/MARC21/slim">

  <leader>02375nas a2200289 454500</leader>
  <controlfield tag="001">43141</controlfield>
  <controlfield tag="005">20260407193511.0</controlfield>
  <controlfield tag="008">260407s1986####ag###########|||spa#d</controlfield>
  <controlfield tag="003">AR-UNSa-BCEJYS</controlfield>
  <datafield tag="040" ind1=" " ind2=" ">
    <subfield code="a">AR-UNSa-BCEJYS</subfield>
    <subfield code="b">spa</subfield>
    <subfield code="c">AR-UNSa-BCEJYS</subfield>
  </datafield>
  <datafield tag="080" ind1=" " ind2=" ">
    <subfield code="a">338.2</subfield>
    <subfield code="x">Pol&#xED;tica econ&#xF3;mica. Control de la econom&#xED;a. Gesti&#xF3;n de la econom&#xED;a. Planificaci&#xF3;n econ&#xF3;mica</subfield>
  </datafield>
  <datafield tag="245" ind1="1" ind2="0">
    <subfield code="a">The world bank economic review</subfield>
  </datafield>
  <datafield tag="022" ind1=" " ind2=" ">
    <subfield code="a">0258-6770</subfield>
  </datafield>
  <datafield tag="264" ind1=" " ind2="1">
    <subfield code="a">Washington :</subfield>
    <subfield code="b">The World Bank</subfield>
    <subfield code="c">1986</subfield>
  </datafield>
  <datafield tag="520" ind1=" " ind2=" ">
    <subfield code="a">Es una revista profesional que difunde la investigaci&#xF3;n patrocinada por el Banco Mundial y otras instituciones. La revista pretende informar al an&#xE1;lisis de pol&#xED;ticas y opciones para lectores internacionales, incluyendo economistas y cient&#xED;ficos sociales en el gobierno, negocios, agencias internacionales, universidades e instituciones de investigaci&#xF3;n para el desarrollo. La revisi&#xF3;n proporciona la mejor y m&#xE1;s reciente investigaci&#xF3;n en el campo del an&#xE1;lisis cuantitativo de las pol&#xED;ticas de desarrollo, con &#xE9;nfasis en la relevancia pol&#xED;tica y los aspectos operativos de la econom&#xED;a. Est&#xE1; destinado a lectores familiarizados con la teor&#xED;a y el an&#xE1;lisis econ&#xF3;micos, pero no necesariamente competentes en t&#xE9;cnicas matem&#xE1;ticas o econom&#xE9;tricas avanzadas. Los art&#xED;culos ilustran c&#xF3;mo la investigaci&#xF3;n profesional puede arrojar luz sobre las opciones de pol&#xED;ticas, y el material proviene del trabajo realizado por personal y consultores del Banco Mundial y por investigadores externos. Se invita a los contribuyentes no bancarios a presentar su trabajo; La coherencia con la pol&#xED;tica del Banco Mundial no es un factor en la selecci&#xF3;n de art&#xED;culos. Antes de ser aceptados para publicaci&#xF3;n, los art&#xED;culos son revisados &#x200B;&#x200B;por tres &#xE1;rbitros, uno del Banco Mundial y dos de fuera de la instituci&#xF3;n. Los art&#xED;culos tambi&#xE9;n deben ser aprobados por los miembros del consejo editorial antes de la aceptaci&#xF3;n final.</subfield>
  </datafield>
  <datafield tag="505" ind1=" " ind2=" ">
    <subfield code="a">Ferecuencia: Cuatrimestral</subfield>
  </datafield>
  <datafield tag="041" ind1=" " ind2=" ">
    <subfield code="a">spa</subfield>
  </datafield>
  <datafield tag="942" ind1=" " ind2=" ">
    <subfield code="c">SER</subfield>
  </datafield>
  <datafield tag="590" ind1=" " ind2=" ">
    <subfield code="a">niveau_biblio:s niveau_hierar:1</subfield>
  </datafield>
  <datafield tag="100" ind1="1" ind2=" ">
    <subfield code="a">Kanbur, Ravi</subfield>
  </datafield>
  <datafield tag="650" ind1=" " ind2=" ">
    <subfield code="a">Pol&#xED;tica de desarrollo</subfield>
  </datafield>
  <datafield tag="650" ind1=" " ind2=" ">
    <subfield code="a">Condiciones econ&#xF3;micas</subfield>
  </datafield>
  <datafield tag="650" ind1=" " ind2=" ">
    <subfield code="a">Pol&#xED;tica econ&#xF3;mica</subfield>
  </datafield>
  <datafield tag="650" ind1=" " ind2=" ">
    <subfield code="a">ECONOMIA</subfield>
  </datafield>
  <datafield tag="650" ind1=" " ind2=" ">
    <subfield code="a">DESARROLLO ECONOMICO</subfield>
  </datafield>
  <datafield tag="856" ind1="4" ind2="1">
    <subfield code="u">https://biblioeco.unsa.edu.ar/pmb/images/revistas/R21132.jpg</subfield>
    <subfield code="y">Imagen de portada</subfield>
    <subfield code="q">image/jpeg</subfield>
  </datafield>
  <datafield tag="999" ind1=" " ind2=" ">
    <subfield code="c">8896</subfield>
    <subfield code="d">8896</subfield>
  </datafield>
  <datafield tag="952" ind1=" " ind2=" ">
    <subfield code="0">0</subfield>
    <subfield code="1">0</subfield>
    <subfield code="4">0</subfield>
    <subfield code="7">0</subfield>
    <subfield code="a">BCEJYS</subfield>
    <subfield code="b">BCEJYS</subfield>
    <subfield code="c">13</subfield>
    <subfield code="d">2000-09-01</subfield>
    <subfield code="h">Vol. 14, N&#xBA; 3 - sep. 2000</subfield>
    <subfield code="l">0</subfield>
    <subfield code="o">H338.2 WBE v14.n3</subfield>
    <subfield code="p">R21153</subfield>
    <subfield code="r">2026-04-10 16:10:04</subfield>
    <subfield code="w">2026-04-10</subfield>
    <subfield code="y">RN</subfield>
  </datafield>
  <datafield tag="952" ind1=" " ind2=" ">
    <subfield code="0">0</subfield>
    <subfield code="1">0</subfield>
    <subfield code="4">0</subfield>
    <subfield code="7">0</subfield>
    <subfield code="a">BCEJYS</subfield>
    <subfield code="b">BCEJYS</subfield>
    <subfield code="c">13</subfield>
    <subfield code="d">2000-01-01</subfield>
    <subfield code="h">Vol. 14, N&#xBA; 1 - ene. 2000</subfield>
    <subfield code="l">0</subfield>
    <subfield code="o">H338.2 WBE v14.n1</subfield>
    <subfield code="p">R21152</subfield>
    <subfield code="r">2026-04-10 16:10:04</subfield>
    <subfield code="w">2026-04-10</subfield>
    <subfield code="y">RN</subfield>
  </datafield>
  <datafield tag="952" ind1=" " ind2=" ">
    <subfield code="0">0</subfield>
    <subfield code="1">0</subfield>
    <subfield code="4">0</subfield>
    <subfield code="7">0</subfield>
    <subfield code="a">BCEJYS</subfield>
    <subfield code="b">BCEJYS</subfield>
    <subfield code="c">13</subfield>
    <subfield code="d">1999-09-01</subfield>
    <subfield code="h">Vol. 13, N&#xBA; 3 - sep. 1999</subfield>
    <subfield code="l">0</subfield>
    <subfield code="o">H338.2 WBE v13.n3</subfield>
    <subfield code="p">R21151</subfield>
    <subfield code="r">2026-04-10 16:10:04</subfield>
    <subfield code="w">2026-04-10</subfield>
    <subfield code="y">RN</subfield>
  </datafield>
  <datafield tag="952" ind1=" " ind2=" ">
    <subfield code="0">0</subfield>
    <subfield code="1">0</subfield>
    <subfield code="4">0</subfield>
    <subfield code="7">0</subfield>
    <subfield code="a">BCEJYS</subfield>
    <subfield code="b">BCEJYS</subfield>
    <subfield code="c">13</subfield>
    <subfield code="d">1999-01-01</subfield>
    <subfield code="h">Vol. 13, N&#xBA; 1 - ene. 1999</subfield>
    <subfield code="l">0</subfield>
    <subfield code="o">H338.2 WBE v13.n1</subfield>
    <subfield code="p">R21150</subfield>
    <subfield code="r">2026-04-10 16:10:04</subfield>
    <subfield code="w">2026-04-10</subfield>
    <subfield code="y">RN</subfield>
  </datafield>
  <datafield tag="952" ind1=" " ind2=" ">
    <subfield code="0">0</subfield>
    <subfield code="1">0</subfield>
    <subfield code="4">0</subfield>
    <subfield code="7">0</subfield>
    <subfield code="a">BCEJYS</subfield>
    <subfield code="b">BCEJYS</subfield>
    <subfield code="c">13</subfield>
    <subfield code="d">1998-05-01</subfield>
    <subfield code="h">Vol. 12, N&#xBA; 2 - mayo 1998</subfield>
    <subfield code="l">0</subfield>
    <subfield code="o">H338.2 WBE v12.n2</subfield>
    <subfield code="p">R21149</subfield>
    <subfield code="r">2026-04-10 16:10:04</subfield>
    <subfield code="w">2026-04-10</subfield>
    <subfield code="y">RN</subfield>
  </datafield>
  <datafield tag="952" ind1=" " ind2=" ">
    <subfield code="0">0</subfield>
    <subfield code="1">0</subfield>
    <subfield code="4">0</subfield>
    <subfield code="7">0</subfield>
    <subfield code="a">BCEJYS</subfield>
    <subfield code="b">BCEJYS</subfield>
    <subfield code="c">13</subfield>
    <subfield code="d">1997-01-01</subfield>
    <subfield code="h">Vol. 11, N&#xBA; 1 - ene. 1997</subfield>
    <subfield code="l">0</subfield>
    <subfield code="o">H338.2 WBE v11.n1</subfield>
    <subfield code="p">R21148</subfield>
    <subfield code="r">2026-04-10 16:10:04</subfield>
    <subfield code="w">2026-04-10</subfield>
    <subfield code="y">RN</subfield>
  </datafield>
  <datafield tag="952" ind1=" " ind2=" ">
    <subfield code="0">0</subfield>
    <subfield code="1">0</subfield>
    <subfield code="4">0</subfield>
    <subfield code="7">0</subfield>
    <subfield code="a">BCEJYS</subfield>
    <subfield code="b">BCEJYS</subfield>
    <subfield code="c">13</subfield>
    <subfield code="d">1996-09-01</subfield>
    <subfield code="h">Vol. 10, N&#xBA; 3 - sep. 1996</subfield>
    <subfield code="l">0</subfield>
    <subfield code="o">H338.2 WBE v10.n3</subfield>
    <subfield code="p">R21147</subfield>
    <subfield code="r">2026-04-10 16:10:04</subfield>
    <subfield code="w">2026-04-10</subfield>
    <subfield code="y">RN</subfield>
  </datafield>
  <datafield tag="952" ind1=" " ind2=" ">
    <subfield code="0">0</subfield>
    <subfield code="1">0</subfield>
    <subfield code="4">0</subfield>
    <subfield code="7">0</subfield>
    <subfield code="a">BCEJYS</subfield>
    <subfield code="b">BCEJYS</subfield>
    <subfield code="c">13</subfield>
    <subfield code="d">1996-05-01</subfield>
    <subfield code="h">Vol. 10, N&#xBA; 2 - mayo 1996</subfield>
    <subfield code="l">0</subfield>
    <subfield code="o">H338.2 WBE v10.n2</subfield>
    <subfield code="p">R21146</subfield>
    <subfield code="r">2026-04-10 16:10:04</subfield>
    <subfield code="w">2026-04-10</subfield>
    <subfield code="y">RN</subfield>
  </datafield>
  <datafield tag="952" ind1=" " ind2=" ">
    <subfield code="0">0</subfield>
    <subfield code="1">0</subfield>
    <subfield code="4">0</subfield>
    <subfield code="7">0</subfield>
    <subfield code="a">BCEJYS</subfield>
    <subfield code="b">BCEJYS</subfield>
    <subfield code="c">13</subfield>
    <subfield code="d">1996-01-01</subfield>
    <subfield code="h">Vol. 10, N&#xBA; 1 - ene. 1996</subfield>
    <subfield code="l">0</subfield>
    <subfield code="o">H338.2 WBE v10.n1</subfield>
    <subfield code="p">R21145</subfield>
    <subfield code="r">2026-04-10 16:10:04</subfield>
    <subfield code="w">2026-04-10</subfield>
    <subfield code="y">RN</subfield>
  </datafield>
  <datafield tag="952" ind1=" " ind2=" ">
    <subfield code="0">0</subfield>
    <subfield code="1">0</subfield>
    <subfield code="4">0</subfield>
    <subfield code="7">0</subfield>
    <subfield code="a">BCEJYS</subfield>
    <subfield code="b">BCEJYS</subfield>
    <subfield code="c">13</subfield>
    <subfield code="d">1995-01-01</subfield>
    <subfield code="h">Vol. 9, N&#xBA; 1 - ene. 1995</subfield>
    <subfield code="l">0</subfield>
    <subfield code="o">H338.2 WBE v9.n1</subfield>
    <subfield code="p">R21144</subfield>
    <subfield code="r">2026-04-10 16:10:04</subfield>
    <subfield code="w">2026-04-10</subfield>
    <subfield code="y">RN</subfield>
  </datafield>
  <datafield tag="952" ind1=" " ind2=" ">
    <subfield code="0">0</subfield>
    <subfield code="1">0</subfield>
    <subfield code="4">0</subfield>
    <subfield code="7">0</subfield>
    <subfield code="a">BCEJYS</subfield>
    <subfield code="b">BCEJYS</subfield>
    <subfield code="c">13</subfield>
    <subfield code="d">1994-09-01</subfield>
    <subfield code="h">Vol. 8, N&#xBA; 3 - sep. 1994</subfield>
    <subfield code="l">0</subfield>
    <subfield code="o">H338.2 WBE v8.n3</subfield>
    <subfield code="p">R21143</subfield>
    <subfield code="r">2026-04-10 16:10:04</subfield>
    <subfield code="w">2026-04-10</subfield>
    <subfield code="y">RN</subfield>
  </datafield>
  <datafield tag="952" ind1=" " ind2=" ">
    <subfield code="0">0</subfield>
    <subfield code="1">0</subfield>
    <subfield code="4">0</subfield>
    <subfield code="7">0</subfield>
    <subfield code="a">BCEJYS</subfield>
    <subfield code="b">BCEJYS</subfield>
    <subfield code="c">13</subfield>
    <subfield code="d">1994-05-01</subfield>
    <subfield code="h">Vol. 8, N&#xBA; 2 - mayo 1994</subfield>
    <subfield code="l">0</subfield>
    <subfield code="o">H338.2 WBE v8.n2</subfield>
    <subfield code="p">R21142</subfield>
    <subfield code="r">2026-04-10 16:10:04</subfield>
    <subfield code="w">2026-04-10</subfield>
    <subfield code="y">RN</subfield>
  </datafield>
  <datafield tag="952" ind1=" " ind2=" ">
    <subfield code="0">0</subfield>
    <subfield code="1">0</subfield>
    <subfield code="4">0</subfield>
    <subfield code="7">0</subfield>
    <subfield code="a">BCEJYS</subfield>
    <subfield code="b">BCEJYS</subfield>
    <subfield code="c">13</subfield>
    <subfield code="d">1994-01-01</subfield>
    <subfield code="h">Vol. 8, N&#xBA; 1 - ene. 1994</subfield>
    <subfield code="l">0</subfield>
    <subfield code="o">H338.2 WBE v8.n1</subfield>
    <subfield code="p">R21141</subfield>
    <subfield code="r">2026-04-10 16:10:04</subfield>
    <subfield code="w">2026-04-10</subfield>
    <subfield code="y">RN</subfield>
  </datafield>
  <datafield tag="952" ind1=" " ind2=" ">
    <subfield code="0">0</subfield>
    <subfield code="1">0</subfield>
    <subfield code="4">0</subfield>
    <subfield code="7">0</subfield>
    <subfield code="a">BCEJYS</subfield>
    <subfield code="b">BCEJYS</subfield>
    <subfield code="c">13</subfield>
    <subfield code="d">1993-09-01</subfield>
    <subfield code="h">Vol. 7, N&#xBA; 3 - sep. 1993</subfield>
    <subfield code="l">0</subfield>
    <subfield code="o">H338.2 WBE v7.n3</subfield>
    <subfield code="p">R21140</subfield>
    <subfield code="r">2026-04-10 16:10:04</subfield>
    <subfield code="w">2026-04-10</subfield>
    <subfield code="y">RN</subfield>
  </datafield>
  <datafield tag="952" ind1=" " ind2=" ">
    <subfield code="0">0</subfield>
    <subfield code="1">0</subfield>
    <subfield code="4">0</subfield>
    <subfield code="7">0</subfield>
    <subfield code="a">BCEJYS</subfield>
    <subfield code="b">BCEJYS</subfield>
    <subfield code="c">13</subfield>
    <subfield code="d">1993-05-01</subfield>
    <subfield code="h">Vol. 7, N&#xBA; 2 - mayo 1993</subfield>
    <subfield code="l">0</subfield>
    <subfield code="o">H338.2 WBE v7.n2</subfield>
    <subfield code="p">R21139</subfield>
    <subfield code="r">2026-04-10 16:10:04</subfield>
    <subfield code="w">2026-04-10</subfield>
    <subfield code="y">RN</subfield>
  </datafield>
  <datafield tag="952" ind1=" " ind2=" ">
    <subfield code="0">0</subfield>
    <subfield code="1">0</subfield>
    <subfield code="4">0</subfield>
    <subfield code="7">0</subfield>
    <subfield code="a">BCEJYS</subfield>
    <subfield code="b">BCEJYS</subfield>
    <subfield code="c">13</subfield>
    <subfield code="d">1993-01-01</subfield>
    <subfield code="h">Vol. 7, N&#xBA; 1 - ene. 1993</subfield>
    <subfield code="l">0</subfield>
    <subfield code="o">H338.2 WBE v7.n1</subfield>
    <subfield code="p">R21138</subfield>
    <subfield code="r">2026-04-10 16:10:04</subfield>
    <subfield code="w">2026-04-10</subfield>
    <subfield code="y">RN</subfield>
  </datafield>
  <datafield tag="952" ind1=" " ind2=" ">
    <subfield code="0">0</subfield>
    <subfield code="1">0</subfield>
    <subfield code="4">0</subfield>
    <subfield code="7">0</subfield>
    <subfield code="a">BCEJYS</subfield>
    <subfield code="b">BCEJYS</subfield>
    <subfield code="c">13</subfield>
    <subfield code="d">1992-09-01</subfield>
    <subfield code="h">Vol. 6, N&#xBA; 3 - sep. 1992</subfield>
    <subfield code="l">0</subfield>
    <subfield code="o">H338.2 WBE v6.n3</subfield>
    <subfield code="p">R21137</subfield>
    <subfield code="r">2026-04-10 16:10:04</subfield>
    <subfield code="w">2026-04-10</subfield>
    <subfield code="y">RN</subfield>
  </datafield>
  <datafield tag="952" ind1=" " ind2=" ">
    <subfield code="0">0</subfield>
    <subfield code="1">0</subfield>
    <subfield code="4">0</subfield>
    <subfield code="7">0</subfield>
    <subfield code="a">BCEJYS</subfield>
    <subfield code="b">BCEJYS</subfield>
    <subfield code="c">13</subfield>
    <subfield code="d">1992-05-01</subfield>
    <subfield code="h">Vol. 6, N&#xBA; 2 - mayo 1992</subfield>
    <subfield code="l">0</subfield>
    <subfield code="o">H338.2 WBE v6.n2</subfield>
    <subfield code="p">R21136</subfield>
    <subfield code="r">2026-04-10 16:10:04</subfield>
    <subfield code="w">2026-04-10</subfield>
    <subfield code="y">RN</subfield>
  </datafield>
  <datafield tag="952" ind1=" " ind2=" ">
    <subfield code="0">0</subfield>
    <subfield code="1">0</subfield>
    <subfield code="4">0</subfield>
    <subfield code="7">0</subfield>
    <subfield code="a">BCEJYS</subfield>
    <subfield code="b">BCEJYS</subfield>
    <subfield code="c">13</subfield>
    <subfield code="d">1992-01-01</subfield>
    <subfield code="h">Vol. 6, N&#xBA; 1 - ene. 1992</subfield>
    <subfield code="l">0</subfield>
    <subfield code="o">H338.2 WBE v6.n1</subfield>
    <subfield code="p">R21135</subfield>
    <subfield code="r">2026-04-10 16:10:04</subfield>
    <subfield code="w">2026-04-10</subfield>
    <subfield code="y">RN</subfield>
  </datafield>
  <datafield tag="952" ind1=" " ind2=" ">
    <subfield code="0">0</subfield>
    <subfield code="1">0</subfield>
    <subfield code="4">0</subfield>
    <subfield code="7">0</subfield>
    <subfield code="a">BCEJYS</subfield>
    <subfield code="b">BCEJYS</subfield>
    <subfield code="c">13</subfield>
    <subfield code="d">1991-09-01</subfield>
    <subfield code="h">Vol. 5, N&#xBA; 3 - sep. 1991</subfield>
    <subfield code="l">0</subfield>
    <subfield code="o">H338.2 WBE v5.n3</subfield>
    <subfield code="p">R21132</subfield>
    <subfield code="r">2026-04-10 16:10:04</subfield>
    <subfield code="w">2026-04-10</subfield>
    <subfield code="y">RN</subfield>
  </datafield>
</record>
